000 00592nam a22002177a 4500
003 UA-OsUOA
001 86169
007 ta
008 20120827b un ||||| |||| 00| 0 ukr d
090 _a94(430)
_bЕ36
942 _cBK
040 _aUA-OsUOA
_brus
_cUA-OsUOA
_dUA-OsUOA
245 _aЕжегодник германской истории 1975
_cДавидович Д. С.
300 _a367 с.
955 _a1
041 _arus
080 _a94(430)
260 _aМ.
_bНаука
_c1976
650 7 _a9 Географія. Біографії. Історія
_2UDC
999 _c372459
_d372459